000 00826nam a2200301Ia 4500
003 OSt
005 20220912145015.0
006 a|||||r|||| 00| 0
007 ta
008 220909b |||||||| |||| 00| 0 eng d
020 _a818128593X (pbk)
024 _a76309
037 _cTextual
040 _aCSL
_beng
_cCSL
041 _aeng
082 _aI:G:F, N0;N1
100 _aGrierson Don Ed.
245 0 _aPlant genetic engineering
260 _aNew York
_bChapman and Hall
_c1991
300 _ax, 267p.
_ccm.
490 _aPlant biotechnology series
500 _aIncludes bibliographical references.; Index 257-267p.
650 _a Plant biotechnology
650 _a Plant genetics
650 _aBotany
942 _hI:G:F, N0;N1
_cTEXL
_2CC
999 _c20790
_d20790